The Legend of Zelda: Ocarina of Time bosses by picture - Statistics

General Stats
  • This quiz has been taken 36 times
  • The average score is 8 of 10
Answer Stats
Picture Answer % Correct
Ganon
100%
Ganondorf
100%
King Dodongo
94%
Bongo Bongo
88%
Phantom Ganon
88%
Gohma
85%
Twinrova
85%
Volvagia
70%
Barinade
61%
Morpha
55%
No matching quizzes found
Score Distribution
Percent of People with Each Score
Percentile by Number Answered
Your Score History
You have not taken this quiz